[Event "AUTO-INT-2463"]
[Site "http://www.queenalice.com/game.php?id=1113482"]
[Date "2012.10.17"]
[Round "1"]
[White "code_5541"]
[Black "Alcar"]
[Result "1-0"]
[WhiteElo "1671"]
[BlackElo "1666"]

1. e4 c5 2. Bc4 e6 3. d3 Nc6 4. Bf4 Nf6 5. Nf3 d6 6. Nc3 e5 7. Bg3 Bg4 8. h3 Bh5
9. Nd5 Nxd5 10. Bxd5 Be7 11. O-O O-O 12. a3 Rb8 13. Rb1 Kh8 14. c3 Bxf3 15. Qxf3
Bf6 16. Qg4 g6 17. f4 exf4 18. Qxf4 Be5 19. Qf3 f6 20. Bxe5 dxe5 21. Bxc6 bxc6
22. g4 Qd6 23. Rf2 Kg7 24. Qe3 Rbd8 25. Rd2 a5 26. b4 cxb4 27. axb4 a4 28. Ra1
Ra8 29. Rda2 Rf7 30. Rxa4 Rd8 31. Rd1 1-0

[Event "AUTO-INT-2463"]
[Site "http://www.queenalice.com/game.php?id=1113487"]
[Date "2012.10.17"]
[Round "1"]
[White "agilulfo"]
[Black "code_5541"]
[Result "1-0"]
[WhiteElo "1740"]
[BlackElo "1635"]

1. d4 d5 2. c4 Nf6 3. cxd5 Nxd5 4. Nf3 Bg4 5. e4 Nb6 6. Nc3 e6 7. h3 Bh5 8. Be2
Bb4 9. O-O O-O 10. a3 Bxc3 11. bxc3 Nc6 12. c4 Bxf3 13. Bxf3 Nxd4 14. Be3 Nxf3+
15. Qxf3 Nxc4 16. Bc5 Re8 17. Rfd1 Ne5 18. Qg3 Qf6 19. Rac1 c6 20. Bd4 Nf3+ 21.
gxf3 Qg6 22. Rc5 f6 23. f4 Qf7 24. e5 f5 25. Kh2 Rad8 26. Rc4 Qc7 27. Qb3 b6 28.
Rdc1 c5 29. Be3 Qc6 30. Rd1 h6 31. Rc3 Qf3 32. Rcd3 Rc8 33. Qc4 Qc6 34. a4 Qc7
35. Rd7 Qb8 36. R1d6 Kh8 37. Rxe6 Rcd8 38. Rxe8+ Rxe8 39. Qf7 Rg8 40. Rxa7 1-0

[Event "AUTO-INT-2463"]
[Site "http://www.queenalice.com/game.php?id=1113488"]
[Date "2012.10.17"]
[Round "1"]
[White "code_5541"]
[Black "agilulfo"]
[Result "0-1"]
[WhiteElo "1658"]
[BlackElo "1673"]

1. e4 c5 2. Nf3 d6 3. Bc4 Nf6 4. d3 g6 5. Nc3 Bg7 6. Bg5 O-O 7. O-O Bg4 8. h3
Bxf3 9. Qxf3 Nc6 10. a3 Nd4 11. Qd1 Qb6 12. Rb1 e6 13. Be3 Nd7 14. b4 Qc6 15.
bxc5 Nxc5 16. Ne2 Nxe2+ 17. Qxe2 Na4 18. Bb3 Nc3 0-1

[Event "AUTO-INT-2503"]
[Site "http://www.queenalice.com/game.php?id=1128593"]
[Date "2012.12.5"]
[Round "1"]
[White "vandany"]
[Black "code_5541"]
[Result "0-1"]
[WhiteElo "1444"]
[BlackElo "1610"]

1. d4 d5 2. c4 Nf6 3. Nc3 Bf5 4. Nf3 e6 5. Bf4 c5 6. b3 Nc6 7. e3 Qd7 8. dxc5
Bxc5 9. Be2 O-O 10. Ne5 Nxe5 11. Bxe5 Qe7 12. O-O Nd7 13. Bf4 dxc4 0-1

[Event "AUTO-INT-2503"]
[Site "http://www.queenalice.com/game.php?id=1128594"]
[Date "2012.12.5"]
[Round "1"]
[White "code_5541"]
[Black "vandany"]
[Result "1-0"]
[WhiteElo "1619"]
[BlackElo "1435"]

1. e4 e5 2. Nf3 Nc6 3. Bc4 Nf6 4. d3 Bb4+ 5. Bd2 O-O 6. O-O d5 7. exd5 Nxd5 8.
Nxe5 Nxe5 9. Bxd5 Qxd5 10. Bxb4 Re8 11. Nc3 Qc6 12. Qd2 Ng4 13. h3 Nf6 14. Ba3
1-0

[Event "AUTO-INT-2503"]
[Site "http://www.queenalice.com/game.php?id=1128601"]
[Date "2012.12.5"]
[Round "1"]
[White "Mariojose"]
[Black "code_5541"]
[Result "0-1"]
[WhiteElo "1537"]
[BlackElo "1582"]

1. Nf3 d5 2. d4 Nc6 3. Nc3 e6 4. Bf4 Bd6 5. Bg3 Nf6 6. Bxd6 Qxd6 7. g3 Bd7 8. a3
a6 9. Bh3 O-O 10. O-O b5 11. b4 a5 12. Nxb5 Qe7 13. Nxc7 Rac8 14. Nb5 axb4 15.
Qd3 bxa3 16. Rxa3 Nb4 17. Qd2 Bxb5 18. Rc1 Nxc2 19. Rxc2 Qxa3 20. Ra2 Qe7 21.
Ne5 Ne4 22. Qe3 Nc3 23. Rc2 Qb4 24. Nd3 Bxd3 25. Qxd3 Nb5 26. Ra2 Nxd4 27. Rd2
Rc4 28. Bf1 f5 29. f4 Rc3 30. Qxd4 Qxd4+ 31. Rxd4 Rfc8 32. Kf2 R3c4 33. Rd3 h6
34. h4 Kf7 35. Kf3 Kf6 36. e3 Rc2 37. Be2 Rb8 38. Bd1 Rh2 39. Bb3 Ra8 40. Rd1
Ra3 0-1

[Event "AUTO-INT-2503"]
[Site "http://www.queenalice.com/game.php?id=1128602"]
[Date "2012.12.5"]
[Round "1"]
[White "code_5541"]
[Black "Mariojose"]
[Result "0-1"]
[WhiteElo "1623"]
[BlackElo "1540"]

1. e4 Nc6 2. Bc4 Nf6 3. d3 a6 4. Bg5 d5 5. exd5 Nxd5 6. Ne2 h6 7. Bh4 Qd7 8. Qd2
e6 9. Nbc3 Bb4 10. a3 Bc5 11. O-O Nb6 12. b4 Bd4 13. Rfe1 Be5 14. Bg3 Nxc4 15.
dxc4 Qxd2 0-1

[Event "AUTO-INT-2415"]
[Site "http://www.queenalice.com/game.php?id=1132186"]
[Date "2012.12.18"]
[Round "2"]
[White "code_5541"]
[Black "jw16js"]
[Result "0-1"]
[WhiteElo "1606"]
[BlackElo "1482"]

1. e4 c5 2. Bc4 e6 3. d3 Nc6 4. Nd2 Nd4 5. Ngf3 d5 6. exd5 exd5 7. Nxd4 cxd4 8.
Bb3 Be6 9. Nf3 Bc5 10. O-O Bg4 11. h3 Bxf3 12. Qxf3 f6 13. Bxd5 Rb8 14. Bxb7 Ne7
15. Bc6+ Kf8 16. Bf4 Rxb2 17. Ba4 g5 18. Bh2 Nd5 19. Bb3 Nc3 20. Rfe1 Kg7 21.
Qc6 Kg6 22. Qxc5 a6 23. Qa3 Na4 24. Qxa4 Qc8 25. Rec1 Re8 26. Qa3 Qc3 27. Bd6
Rxb3 28. axb3 Qd2 29. Bb4 Qf4 30. Qxa6 Re2 31. Be1 h5 32. Qc4 h4 33. Rd1 g4 34.
hxg4 Qxg4 35. Qg8+ Kf5 36. Qxg4+ Kxg4 37. Rd2 Re6 38. Rc1 h3 39. gxh3+ Kxh3 40.
f3 Rxe1+ 0-1

[Event "AUTO-INT-2415"]
[Site "http://www.queenalice.com/game.php?id=1132188"]
[Date "2012.12.18"]
[Round "2"]
[White "code_5541"]
[Black "thigo"]
[Result "1-0"]
[WhiteElo "1588"]
[BlackElo "1421"]

1. e4 e5 2. Nf3 Nf6 3. d3 Bc5 4. Nc3 Ng4 5. Be3 Bxe3 6. fxe3 Na6 7. Qe2 c6 8. h3
Nf6 9. Nxe5 O-O 10. Qf3 Qe7 11. g4 Qxe5 12. d4 Qa5 13. a3 Nb4 14. Qe2 d5 15. Rb1
b6 16. axb4 Qa6 17. Qxa6 Bxa6 18. Bxa6 b5 19. exd5 cxd5 20. Bxb5 a6 21. Bc6 Rab8
22. Nxd5 Nxd5 23. Bxd5 Rxb4 24. O-O Re8 25. Bxf7+ Kf8 26. Bxe8+ Kxe8 27. c3 Rb6
28. e4 Ke7 29. Kf2 a5 30. Ke3 Ke6 31. Ra1 Ra6 32. Rf5 a4 33. d5+ Kd7 34. Rf7+
Kd6 35. Rxg7 Ra8 36. Rxh7 Ke5 37. Rh5+ Kf6 38. Kf4 Kg6 39. e5 Ra5 40. d6 Kf7 41.
h4 a3 42. Rxa3 Rxa3 43. bxa3 Ke6 44. a4 Kd5 45. a5 Kc5 46. a6 Kb6 47. d7 Kxa6
48. d8=Q Kb5 49. Qc8 Ka4 50. Rh7 1-0

[Event "AUTO-INT-2415"]
[Site "http://www.queenalice.com/game.php?id=1132189"]
[Date "2012.12.18"]
[Round "2"]
[White "thigo"]
[Black "code_5541"]
[Result "0-1"]
[WhiteElo "1412"]
[BlackElo "1597"]

1. e4 e5 2. Nf3 Nc6 3. Bc4 Bc5 4. d3 h6 5. Nc3 Nf6 6. Bd2 d6 7. Qe2 O-O 8. O-O-O
a6 9. h3 Qe7 10. g4 b5 11. g5 bxc4 12. gxf6 Qxf6 13. Rhg1 cxd3 14. Qxd3 Bxf2 15.
Rgf1 Bh4 16. Nd4 Nb4 17. Qc4 Qe7 18. Nd5 Nxd5 19. Qxd5 Bxh3 20. Nc6 Qe6 21. Qxe6
Bxe6 22. Ba5 Bd7 23. Nb4 Bd8 24. Nd5 c6 25. Bxd8 Raxd8 26. Nb4 c5 27. Nxa6 Bb5
28. Nc7 Bxf1 29. Rxf1 Rc8 30. Nd5 g6 31. Ne7+ Kg7 32. Nxc8 Rxc8 33. b3 g5 34.
Kd2 Kg6 35. Kc3 h5 36. Kc4 f6 37. Kd5 Ra8 38. a4 Rf8 39. Kxd6 f5 40. Kxe5 f4 41.
c3 f3 42. Kd5 f2 43. e5 g4 44. e6 g3 45. e7 g2 46. exf8=Q gxf1=Q 47. Qxc5 Qd3+
48. Kc6 f1=Q 49. a5 Qa6+ 50. Kd5 Qf5+ 0-1

[Event "AUTO-INT-2534"]
[Site "http://www.queenalice.com/game.php?id=1141496"]
[Date "2013.1.17"]
[Round "1"]
[White "vinoseco"]
[Black "code_5541"]
[Result "1-0"]
[WhiteElo "1559"]
[BlackElo "1676"]

1. e4 e5 2. Qh5 Nc6 3. Bb5 Nf6 4. Qf5 d6 5. Qf3 Bd7 6. Bxc6 Bxc6 7. d3 Be7 8. b4
a6 9. Bg5 h6 10. Bxf6 Bxf6 11. Ne2 Qe7 12. Nbc3 O-O 13. O-O Qe6 14. a4 Bg5 15.
Ng3 Qg6 16. Nf5 Bd7 17. h4 Bd2 18. Ne7+ 1-0

[Event "AUTO-INT-2534"]
[Site "http://www.queenalice.com/game.php?id=1141497"]
[Date "2013.1.17"]
[Round "1"]
[White "code_5541"]
[Black "vinoseco"]
[Result "0-1"]
[WhiteElo "1642"]
[BlackElo "1558"]

1. e4 Nf6 2. Nc3 e5 3. Bc4 c6 4. d3 Bb4 5. Bd2 b5 6. Bb3 Bxc3 7. Bxc3 d6 8. Nf3
Bg4 9. h3 Bxf3 10. Qxf3 Qb6 11. O-O Nbd7 12. a3 c5 13. Ba2 b4 14. axb4 cxb4 15.
Bd2 Qc5 16. Bb3 a5 17. Qe3 Qc6 18. c3 Nc5 19. Bc2 bxc3 20. bxc3 Rb8 21. d4 exd4
22. cxd4 Ncd7 23. Bxa5 Qxc2 24. Rfe1 O-O 25. Qe2 Qc6 26. d5 Qc5 27. Kh1 Rfe8 28.
f3 Nh5 29. Rec1 Qd4 30. Be1 Rb2 31. Qd1 Qxd1 32. Rxd1 Nf4 33. Bg3 Nxg2 34. Bxd6
Ne3 35. Rg1 Rf2 36. Rg3 h5 37. Bf4 Nc2 38. Rd1 h4 0-1

[Event "AUTO-INT-2534"]
[Site "http://www.queenalice.com/game.php?id=1141512"]
[Date "2013.1.17"]
[Round "1"]
[White "lala"]
[Black "code_5541"]
[Result "1-0"]
[WhiteElo "1535"]
[BlackElo "1628"]

1. d4 d5 2. e3 a6 3. b4 Bf5 4. g3 e6 5. Bg2 Bd6 6. Ne2 Nf6 7. O-O Nbd7 8. Nd2
O-O 9. c3 b6 10. a4 a5 11. b5 Qe7 12. c4 Rac8 13. c5 bxc5 14. Nb3 Ra8 15. Bd2 c4
16. Nxa5 Bb4 17. Nb3 c5 18. a5 cxd4 19. exd4 Rfb8 20. b6 Ra6 21. Nf4 e5 22. Qe1
cxb3 23. Bxb4 Qe8 24. Qe2 exf4 25. Qxa6 1-0

[Event "AUTO-INT-2534"]
[Site "http://www.queenalice.com/game.php?id=1141513"]
[Date "2013.1.17"]
[Round "1"]
[White "code_5541"]
[Black "lala"]
[Result "0-1"]
[WhiteElo "1585"]
[BlackElo "1513"]

1. e4 e5 2. Nf3 d6 3. Bc4 h6 4. d3 b6 5. Nc3 Bb7 6. Be3 Nd7 7. O-O Qe7 8. h3
O-O-O 9. a4 g5 10. b4 Ngf6 11. a5 g4 12. hxg4 Nxg4 13. Qe2 h5 14. axb6 Nxb6 15.
Nd5 Qd7 16. Bxb6 axb6 17. Ba6 h4 18. Bxb7+ Kxb7 19. Nh2 Nxh2 20. Kxh2 h3 21. g3
f5 22. c4 f4 23. Rg1 Rg8 24. Nf6 Qe6 25. Nxg8 Qxg8 26. gxf4 Qe6 27. f5 Qh6 28.
Qf3 Be7 29. Qxh3 Qf4+ 30. Kh1 Qxf2 31. Qg2 Qe3 32. Qg3 Rh8+ 33. Kg2 Qe2+ 0-1

[Event "AUTO-INT-2534"]
[Site "http://www.queenalice.com/game.php?id=1141522"]
[Date "2013.1.17"]
[Round "1"]
[White "Tenista"]
[Black "code_5541"]
[Result "1-0"]
[WhiteElo "1708"]
[BlackElo "1623"]

1. e4 e5 2. Nc3 Bc5 3. Na4 Be7 4. Bc4 Nf6 5. Qf3 d6 6. d3 h6 7. h3 a6 8. Bb3 c5
9. Be3 Nc6 10. c3 b5 11. Nxc5 dxc5 12. O-O-O c4 13. dxc4 bxc4 14. Rxd8+ Bxd8 15.
Bxc4 O-O 16. Ne2 Rb8 17. Qg3 1-0

[Event "AUTO-INT-2503"]
[Site "http://www.queenalice.com/game.php?id=1156159"]
[Date "2013.2.28"]
[Round "2"]
[White "braseiko"]
[Black "code_5541"]
[Result "1-0"]
[WhiteElo "1913"]
[BlackElo "1543"]

1. d4 d5 2. c4 Nf6 3. Nf3 Bg4 4. e3 e6 5. Be2 Bd6 6. Nc3 h6 7. c5 Be7 8. a4 a6
9. Ne5 Bxe2 10. Qxe2 Nfd7 11. f4 O-O 12. O-O Nxe5 13. fxe5 Nc6 14. e4 dxe4 15.
Nxe4 Qxd4+ 16. Kh1 Qxe5 17. Bf4 Qd5 18. Rad1 Qb3 19. Bxc7 1-0

[Event "AUTO-INT-2503"]
[Site "http://www.queenalice.com/game.php?id=1156160"]
[Date "2013.2.28"]
[Round "2"]
[White "code_5541"]
[Black "braseiko"]
[Result "0-1"]
[WhiteElo "1545"]
[BlackElo "1911"]

1. e4 e5 2. Nf3 Nc6 3. Bc4 h6 4. d3 Nf6 5. Be3 d6 6. h3 Be7 7. Nc3 Be6 8. Bb3
Na5 9. O-O Nxb3 10. axb3 O-O 11. Ne2 c6 12. Re1 a5 13. c4 b5 14. Bd2 b4 15. Ng3
c5 16. Kh1 Qc8 17. Qc2 Bxh3 18. gxh3 Qxh3+ 19. Nh2 Ng4 20. Nf1 Nxf2+ 0-1

[Event "AUTO-INT-2503"]
[Site "http://www.queenalice.com/game.php?id=1156165"]
[Date "2013.2.28"]
[Round "2"]
[White "code_5541"]
[Black "Mariojose"]
[Result "0-1"]
[WhiteElo "1562"]
[BlackElo "1526"]

1. e4 e5 2. Nc3 Nc6 3. Nf3 Nf6 4. Bc4 Bc5 5. O-O h6 6. d3 d6 7. h3 O-O 8. Be3
Bxe3 9. fxe3 Ne7 10. Qe2 Nh5 11. Rfe1 b6 12. Nd2 Bb7 13. Qxh5 d5 14. exd5 Bxd5
15. Bxd5 Qd6 16. Bxa8 Rxa8 0-1